County Cavan Quiz - Statistics

General Stats
  • This quiz has been taken 5 times
  • The average score is 14 of 20
Answer Stats
Hint Answer % Correct
County town of Cavan Cavan
100%
Bordering counties Fermanagh
100%
Cavan is reputed to have 365 of what geographical feature? Lakes
100%
Bordering counties Leitrim
100%
Bordering counties Longford
100%
Bordering counties Monaghan
100%
Fermanagh-born entrepreneur who lives in Cavan, once Ireland's richest man before he went bankrupt Sean Quinn
100%
Province that Cavan is in Ulster
100%
Lakeland Dairies, which has over 1 billion euros annual turnover, has its headquarters here Killeshandra
80%
River whose source is in the above geopark Shannon
80%
Town on Lough Ramor which has the same name as a US State Virginia
80%
Bordering counties Westmeath
80%
Chef who has a restaurant in Blacklion Nevin Maguire
60%
GAA nickname of Cavan The Breffni County
60%
Cavan County Museum, which is the home of the largest outdoor replica WW1 trench in Ireland, is in this town. Ballyjamesduff
40%
Bordering counties Meath
40%
Hotel owned by the above, in Ballyconnell Slieve Russell Hotel
40%
This is a castle Castle on an island near the above village, known locally as "The Silent Stone Watchman" Clough Oughter Castle
20%
Former name of the Cuilcagh Lakelands Geopark Marble Arch Caves Global Geopark
20%
One of the signatories to the 1916 proclamation, this man attended night school in Cavan Sean Mac Diarmada
20%
No matching quizzes found
Score Distribution
Percent of People with Each Score
Percentile by Number Answered
Your Score History
You have not taken this quiz